000 00347nam a2200145Ia 4500
008 150201s1995 xx 000 0 und d
082 _a611
_bH1995T
100 _aTANDAN ,B.K.
245 _aESSENTIAL OF HUMAN ANATOMY
250 _a1ST
260 _bJAYPEE MEDICAL PUBLISHER
_aDELHI
_c1995
300 _a1-
650 _aANATOMY
942 _2ddc
_cBK
999 _c2479
_d2479